<?xml version="1.0" encoding="UTF-8"?>
<marc:record xmlns:marc="http://www.loc.gov/MARC21/slim">
   <marc:leader>00000nam a2200000 a 4500</marc:leader>
   <marc:datafield ind1="1" ind2=" " tag="100">
      <marc:subfield code="a">Falco, Charles</marc:subfield>
      <marc:subfield code="4">aut</marc:subfield>
      <marc:subfield code="e">Verfasser/-in</marc:subfield>
   </marc:datafield>
   <marc:datafield ind1="1" ind2=" " tag="100">
      <marc:subfield code="a">Droban, Kerrie</marc:subfield>
      <marc:subfield code="4">aut</marc:subfield>
      <marc:subfield code="e">Verfasser/-in</marc:subfield>
   </marc:datafield>
   <marc:datafield ind1="1" ind2=" " tag="100">
      <marc:subfield code="a">Tepper, Alan</marc:subfield>
      <marc:subfield code="4">trl</marc:subfield>
      <marc:subfield code="e">Übersetzer/-in</marc:subfield>
   </marc:datafield>
   <marc:datafield ind1="1" ind2=" " tag="100">
      <marc:subfield code="a">Falco, Charles</marc:subfield>
   </marc:datafield>
   <marc:datafield ind1=" " ind2=" " tag="653">
      <marc:subfield code="a">Motorrad-Clubs und Rockerbanden wie Hells Angels</marc:subfield>
   </marc:datafield>
   <marc:datafield ind1=" " ind2=" " tag="653">
      <marc:subfield code="a">Vagos</marc:subfield>
   </marc:datafield>
   <marc:datafield ind1=" " ind2=" " tag="653">
      <marc:subfield code="a">Mongols</marc:subfield>
   </marc:datafield>
   <marc:datafield ind1=" " ind2=" " tag="653">
      <marc:subfield code="a">Pagans</marc:subfield>
   </marc:datafield>
   <marc:datafield ind1=" " ind2=" " tag="653">
      <marc:subfield code="a">Outlaws</marc:subfield>
   </marc:datafield>
   <marc:datafield ind1=" " ind2=" " tag="653">
      <marc:subfield code="a">Hells Angels</marc:subfield>
   </marc:datafield>
   <marc:datafield ind1=" " ind2=" " tag="653">
      <marc:subfield code="a">Biker-Gangs</marc:subfield>
   </marc:datafield>
   <marc:datafield ind1=" " ind2=" " tag="653">
      <marc:subfield code="a">Rockerbanden</marc:subfield>
   </marc:datafield>
   <marc:datafield ind1=" " ind2=" " tag="653">
      <marc:subfield code="a">Motorrad-Clubs</marc:subfield>
   </marc:datafield>
   <marc:datafield ind1=" " ind2=" " tag="653">
      <marc:subfield code="a">V-Mann</marc:subfield>
   </marc:datafield>
   <marc:datafield ind1=" " ind2=" " tag="653">
      <marc:subfield code="a">Softcover / Belletristik/Romanhafte Biografien</marc:subfield>
   </marc:datafield>
   <marc:datafield ind1=" " ind2=" " tag="653">
      <marc:subfield code="a">Biker-Gangs; Hells Angels; Mongols; Motorrad-Clubs; Outlaws; Pagans; Rockerbanden; V-Mann; Vagos</marc:subfield>
   </marc:datafield>
   <marc:datafield ind1=" " ind2=" " tag="653">
      <marc:subfield code="a">Romanhafte Biographien</marc:subfield>
   </marc:datafield>
   <marc:datafield ind1="0" ind2="0" tag="245">
      <marc:subfield code="a">Vagos, Mongols und Outlaws</marc:subfield>
   </marc:datafield>
   <marc:datafield ind1="0" ind2="0" tag="245">
      <marc:subfield code="b">als V-Mann bei den brutalsten Biker-Gangs Amerikas</marc:subfield>
   </marc:datafield>
   <marc:datafield ind1="0" ind2="0" tag="245">
      <marc:subfield code="c">Charles Falco mit Kerrie Droban. Aus dem amerikan. Engl. von Alan Tepper</marc:subfield>
   </marc:datafield>
   <marc:datafield ind1=" " ind2="1" tag="264">
      <marc:subfield code="a">Höfen</marc:subfield>
      <marc:subfield code="b">Hannibal</marc:subfield>
      <marc:subfield code="c">2013</marc:subfield>
   </marc:datafield>
   <marc:datafield ind1="1" ind2=" " tag="490">
      <marc:subfield code="a">Hannibal crime</marc:subfield>
   </marc:datafield>
   <marc:datafield ind1=" " ind2=" " tag="250">
      <marc:subfield code="a">Dt. Erstausg.</marc:subfield>
   </marc:datafield>
   <marc:datafield ind1="1" ind2=" " tag="520">
      <marc:subfield code="a">Angaben aus der Verlagsmeldung

Vagos, Mongols und Outlaws : Als V-Mann bei den brutalsten Biker-Gangs Amerikas / von Charles Falco, Kerrie Droban

Der Staatsanwalt bot ihm einen Deal an: reduziertes Strafmaß für nachgewiesenen Drogenschmuggel, wenn Charles Falco sich bereit erklärt, als V-Mann die für ihre Brutalität gefürchteten „Motorrad-Clubs“ Vagos, Mongols und Outlaws zu unterwandern. Operation 22 Green (Vagos Motorcycle Club) und Operation Black Diamond (die Infiltrierung der Mongols und der Outlaws) waren die Decknamen für diese polizeilichen Ermittlungen. Charles Falco riskierte mehrfach sein Leben, als er über Jahre hinweg als Spion des FBI ermittelte. Es kostete ihn einen Wirbelsäulenbruch und eine zerschmetterte Schulter, gewalttätige Soziopathen hinter Gitter zu bringen. Er half entscheidend mit, Mörder zu überführen, und wäre fast selbst einem Mordanschlag zum Opfer gefallen, bevor er dann im Zeugenschutzprogramm untertauchte. Die Sicherstellung hunderter illegaler Schusswaffen, riesiger Mengen von Drogen, gestohlener Motorräder sowie 62 Festnahmen wegen Raub, Entführung und Mord sind seine Bilanz bei der Bekämpfung der organisierten Kriminalität.Mit schockierender Offenheit schildert Charles Falco seine Erlebnisse in einer uns fremden Welt voller gewalttätiger Typen; seine Darstellung wird mit Gerichtsakten und Vernehmungsprotokollen untermauert. Detailliert recherchiert und von Kerrie Droban („Hölle auf 2 Rädern“, Hannibal) packend geschrieben, fesselt dieses Buch von der ersten Seite an. Und diese Geschichte ist noch längst nicht beendet: die Ermittlungen gehen weiter, und Charles Falco wird bis heute bedroht …
</marc:subfield>
   </marc:datafield>
   <marc:datafield ind1=" " ind2=" " tag="020">
      <marc:subfield code="a">9783854454038</marc:subfield>
      <marc:subfield code="9">9783854454038</marc:subfield>
   </marc:datafield>
   <marc:datafield ind1=" " ind2=" " tag="041">
      <marc:subfield code="a">ger</marc:subfield>
   </marc:datafield>
   <marc:datafield ind1=" " ind2=" " tag="300">
      <marc:subfield code="a">302 S.</marc:subfield>
   </marc:datafield>
</marc:record>
